LEADER 02278nam a2200421 u 4500 001 000000002875 003 CaOOAMICUS 005 20070226104458.0 008 940514s1989 fr u000 u fre u 020 $a2-204-03030-9 035 $a10072307 040 $aBAV$bita$dBAV$dIAR 041 0 $afre$alat 245 04$aLes canons des conciles mérovingiens, VIe-VIIe siècle /$ctexte latin de l'édition C. De Clercq ; introduction, traduction et notes par Jean Gaudemet et Brigitte Basdevant. 260 $aParis :$bCerf,$c1989. 300 $a2 v. :$btav., c. geogr. pieg. ;$c20 cm 490 1 $aSources chrétiennes ;$v353-354 500 $aTesto latino con traduzione francese a fronte. 610 24$aChiesa cattolica$xStoria$zFrancia.$0(OLS)http://pul/subject/2558 650 4$aConcili e sinodi$zFrancia$ySec. VI-VII.$0(OLS)http://pul/subject/2559 700 1 $aDe Clercq, Charles,$csac.,$d1905-1982.$0(OLS)http://pul/name/3058 700 1 $aBasdevant, Brigitte.$0(OLS)http://pul/name/3059 700 1 $aGaudemet, Jean,$d1908-2001.$0(OLS)http://pul/name/414 830 0$aSources chrétiennes,$x0750-1978 ;$v353-354.$0(OLS)http://pul/title/45 850 $aPUL 852 $aPUL$W1$xDP1 Fondo Maccarrone$y58$m1506 C 30-31$j3820$nBK-PRI$b $qFondi$B3820$CPULBib$Z2$F3820 $H $81 852 $aPUL$W1$xDP1 Fondo Maccarrone$y58$m1506 C 30-31$j3820$nBK-PRI$b $qFondi$B3821$CPULBib$Z2$F3821 $H $81 852 $aPUL$W1$xSL Religione 2$y84$mTheol E3 353-354$j3822$nBK-PRI$b $qStampati altre collocazioni$B3822$CPULBib$Z2$F3822 $H $81 852 $aPUL$W1$xSL Religione 2$y84$mTheol E3 353-354$j3822$nBK-PRI$b $qStampati altre collocazioni$B3823$CPULBib$Z2$F3823 $H $81 941 1 $a10 941 1 $a1 961 $aINV: 01800-1801 -- Fondo Mons. M. Maccarrone 961 $aINV: 01800-1801 -- Fondo Mons. M. Maccarrone 961 $aINV: 65334-65335 961 $aINV: 65334-65335 996 $6020$a2-204-03030-9$9(OLS)http://pul/number/3816 996 $6245$aLes canons des conciles mérovingiens, VIe-VIIe siècle$9(OLS)http://pul/title/4195 996 $6260$aParis :$bCerf$9(OLS)http://pul/publisher/48238 LEADER 01131nam a2200289 u 4500 001 000000043239 003 CaOOAMICUS 005 20070226114420.0 008 990323s1968 enk u000 u eng u 035 $a10817863 040 $aPUL(R)$bita 041 1 $aeng$hger 100 1 $aKaser, Max,$d1906-1997.$0(OLS)http://pul/name/99 240 10$aRömisches Privatrecht.$lInglese.$0(OLS)http://pul/title/58301 245 10$aRoman private law /$ca translation by Rolf Dannenbring ... of Romisches Privatrecht (sixth edition) by Max Kaser. 250 $a2nd ed. 260 $aLondon :$bButterwoths,$c1968. 300 $axv, 385 p. ;$c22 cm 500 $aContiene indici. 504 $aBibliografia in nota. 650 4$aDiritto privato$xStoria.$0(OLS)http://pul/subject/19055 850 $aPUL 852 $aPUL$W1$xSL Diritto e Scienze Sociali 1$y4$m186 A 67$j58295$nBK-PRI$b $qStampati$B58295$CPULBib$Z2$F58295 $H $81 941 1 $a8 961 $aINV: 69382 996 $6245$aRoman private law$9(OLS)http://pul/title/58302 996 $6260$aLondon :$bButterwoths$9(OLS)http://pul/publisher/65202